| 000 | 00883pam a2200265 a 4500 | ||
|---|---|---|---|
| 001 | 3449325 | ||
| 005 | 20240206054948.0 | ||
| 008 | 920501s1992 cau b 001 0 eng | ||
| 020 | _a0803942869 (cl) | ||
| 020 | _a0803942877 (pb) | ||
| 040 |
_aDLC _cDLC _dDLC |
||
| 082 | 0 | 0 |
_a306.85 _220 _bSHI. |
| 100 | 1 | _aZimmerman, Shirley. | |
| 245 | 1 | 0 |
_aFamily policies and family well-being : _bthe role of political culture / _cShirley L. Zimmerman. |
| 260 |
_aNewbury Park, Calif. : _bSage Publications, _c1992. |
||
| 300 | _axiii, 201 p. ; | ||
| 490 | 1 | _aSage sourcebooks for the human services series ; | |
| 650 | 0 | _aFamily policy | |
| 650 | 0 | _aFamilies | |
| 650 | 0 | _aPolitical culture | |
| 650 | 0 | _aFamily policy | |
| 856 | 4 | 2 | _uhttp://www.loc.gov/catdir/enhancements/fy0655/92014956-d.html |
| 856 | 4 | 1 | _uhttp://www.loc.gov/catdir/enhancements/fy0655/92014956-t.html |
| 942 | _cL | ||
| 999 |
_c314 _d314 |
||